<?xml version="1.0" encoding="UTF-8"?>
<collection xmlns="http://www.loc.gov/MARC21/slim">
 <record>
  <leader>05814cam a2200841   4500</leader>
  <controlfield tag="001">1029837082</controlfield>
  <controlfield tag="003">DE-627</controlfield>
  <controlfield tag="005">20220211180151.0</controlfield>
  <controlfield tag="007">tu</controlfield>
  <controlfield tag="008">190312s2019    gw |||||      10| ||ger c</controlfield>
  <datafield tag="015" ind1=" " ind2=" ">
   <subfield code="a">18,N35</subfield>
   <subfield code="2">dnb</subfield>
  </datafield>
  <datafield tag="016" ind1="7" ind2=" ">
   <subfield code="a">116516244X</subfield>
   <subfield code="2">DE-101</subfield>
  </datafield>
  <datafield tag="020" ind1=" " ind2=" ">
   <subfield code="a">9783957732514</subfield>
   <subfield code="c">Broschur : circa EUR 29.80 (DE), circa EUR 30.70 (AT)</subfield>
   <subfield code="9">978-3-95773-251-4</subfield>
  </datafield>
  <datafield tag="020" ind1=" " ind2=" ">
   <subfield code="a">3957732514</subfield>
   <subfield code="c">Broschur : circa EUR 29.80 (DE), circa EUR 30.70 (AT)</subfield>
   <subfield code="9">3-95773-251-4</subfield>
  </datafield>
  <datafield tag="024" ind1="3" ind2=" ">
   <subfield code="a">9783957732514</subfield>
  </datafield>
  <datafield tag="035" ind1=" " ind2=" ">
   <subfield code="a">(DE-627)1029837082</subfield>
  </datafield>
  <datafield tag="035" ind1=" " ind2=" ">
   <subfield code="a">(DE-576)520138082</subfield>
  </datafield>
  <datafield tag="035" ind1=" " ind2=" ">
   <subfield code="a">(DE-599)DNB116516244X</subfield>
  </datafield>
  <datafield tag="035" ind1=" " ind2=" ">
   <subfield code="a">(OCoLC)1089716562</subfield>
  </datafield>
  <datafield tag="035" ind1=" " ind2=" ">
   <subfield code="a">(DE-101)116516244X</subfield>
  </datafield>
  <datafield tag="040" ind1=" " ind2=" ">
   <subfield code="a">DE-627</subfield>
   <subfield code="b">ger</subfield>
   <subfield code="c">DE-627</subfield>
   <subfield code="e">rda</subfield>
  </datafield>
  <datafield tag="041" ind1=" " ind2=" ">
   <subfield code="a">ger</subfield>
  </datafield>
  <datafield tag="044" ind1=" " ind2=" ">
   <subfield code="c">XA-DE-TH</subfield>
  </datafield>
  <datafield tag="082" ind1="0" ind2=" ">
   <subfield code="a">720.09431</subfield>
   <subfield code="q">DE-101</subfield>
  </datafield>
  <datafield tag="082" ind1="0" ind2="4">
   <subfield code="a">720</subfield>
   <subfield code="a">710</subfield>
   <subfield code="a">943</subfield>
   <subfield code="q">DE-101</subfield>
  </datafield>
  <datafield tag="084" ind1=" " ind2=" ">
   <subfield code="a">ZH 9355</subfield>
   <subfield code="q">DE-14/sred</subfield>
   <subfield code="2">rvk</subfield>
   <subfield code="0">(DE-625)rvk/156314:</subfield>
  </datafield>
  <datafield tag="084" ind1=" " ind2=" ">
   <subfield code="a">LH 67557</subfield>
   <subfield code="2">rvk</subfield>
   <subfield code="0">(DE-625)rvk/94640:</subfield>
  </datafield>
  <datafield tag="084" ind1=" " ind2=" ">
   <subfield code="a">56.62</subfield>
   <subfield code="2">bkl</subfield>
  </datafield>
  <datafield tag="084" ind1=" " ind2=" ">
   <subfield code="a">74.60</subfield>
   <subfield code="2">bkl</subfield>
  </datafield>
  <datafield tag="111" ind1="2" ind2=" ">
   <subfield code="a">Von Platten und Ideen - Raumproduktion in der DDR hinterfragen</subfield>
   <subfield code="g">Workshop</subfield>
   <subfield code="d">2017</subfield>
   <subfield code="c">Weimar</subfield>
   <subfield code="j">VerfasserIn</subfield>
   <subfield code="0">(DE-588)1191792463</subfield>
   <subfield code="0">(DE-627)1670260771</subfield>
   <subfield code="4">aut</subfield>
  </datafield>
  <datafield tag="245" ind1="1" ind2="0">
   <subfield code="a">Rationelle Visionen</subfield>
   <subfield code="b">Raumproduktion in der DDR</subfield>
   <subfield code="c">Tino Mager, Bianka Trötschel-Daniels (Hg.)</subfield>
  </datafield>
  <datafield tag="246" ind1="3" ind2="0">
   <subfield code="a">Deutsche Demokratische Republik</subfield>
  </datafield>
  <datafield tag="264" ind1=" " ind2="1">
   <subfield code="a">Kromsdorf</subfield>
   <subfield code="b">Bauhaus-Universitätsverlag</subfield>
   <subfield code="c">[2019]</subfield>
  </datafield>
  <datafield tag="264" ind1=" " ind2="4">
   <subfield code="c">© 2019</subfield>
  </datafield>
  <datafield tag="300" ind1=" " ind2=" ">
   <subfield code="a">209 Seiten</subfield>
   <subfield code="b">Illustrationen, Karte, Diagramme</subfield>
   <subfield code="c">25 cm x 20 cm</subfield>
  </datafield>
  <datafield tag="336" ind1=" " ind2=" ">
   <subfield code="a">Text</subfield>
   <subfield code="b">txt</subfield>
   <subfield code="2">rdacontent</subfield>
  </datafield>
  <datafield tag="337" ind1=" " ind2=" ">
   <subfield code="a">ohne Hilfsmittel zu benutzen</subfield>
   <subfield code="b">n</subfield>
   <subfield code="2">rdamedia</subfield>
  </datafield>
  <datafield tag="338" ind1=" " ind2=" ">
   <subfield code="a">Band</subfield>
   <subfield code="b">nc</subfield>
   <subfield code="2">rdacarrier</subfield>
  </datafield>
  <datafield tag="490" ind1="1" ind2=" ">
   <subfield code="a">Forschungen zum baukulturellen Erbe der DDR</subfield>
   <subfield code="v">Nr. 8</subfield>
  </datafield>
  <datafield tag="500" ind1=" " ind2=" ">
   <subfield code="a">Literaturangaben</subfield>
  </datafield>
  <datafield tag="500" ind1=" " ind2=" ">
   <subfield code="a">&quot;Grundlage des vorliegenden Sammelbandes ist ein am 10. und 11. Mai 2017 in Weimar unter dem Titel 'Von Platten und Ideen - Raumproduktion in der DDR hinterfragen' veranstalteter Workshop ...&quot; (Einleitung Seite 8)</subfield>
  </datafield>
  <datafield tag="520" ind1=" " ind2=" ">
   <subfield code="a">Die Visionen, die der Raumproduktion in der DDR zugrunde lagen, sind in erster Linie durch eine gewisse Rationalität gekennzeichnet. Sie waren zeitgemäß und in vielen Aspekten vorausschauend, mussten aber den politischen und ökonomischen Gegebenheiten Rechnung tragen. Dieser Band widmet sich ausgewählten Produkten dieser rationellen Visionen, die in der Architektur und im Städtebau in den frühen Nachkriegsjahren bis zur politischen Wende zu Grunde lagen. Dabei werden sowohl die neu gebaute Umwelt als auch der Umgang mit dem historischen Bestand und die ihm zugrundeliegende Theorie betrachtet. Die Beiträge präsentieren Ergebnisse laufender Forschungen von Nachwuchswissenschaftler*Innen zum damaligen Planen und Bauen sowie zur denkmalpflegerischen Praxis. Sie befassen sich mit den Entwicklungen im Stadtraum, aber auch mit zerstörtem Raum, Innenraum und künstlerischen Auseinandersetzungen im und mit dem öffentlichen Raum.</subfield>
  </datafield>
  <datafield tag="655" ind1=" " ind2="7">
   <subfield code="a">Konferenzschrift</subfield>
   <subfield code="y">2017</subfield>
   <subfield code="z">Weimar</subfield>
   <subfield code="0">(DE-588)1071861417</subfield>
   <subfield code="0">(DE-627)826484824</subfield>
   <subfield code="0">(DE-576)433375485</subfield>
   <subfield code="2">gnd-content</subfield>
  </datafield>
  <datafield tag="689" ind1="0" ind2="0">
   <subfield code="d">g</subfield>
   <subfield code="0">(DE-588)4011890-3</subfield>
   <subfield code="0">(DE-627)104732415</subfield>
   <subfield code="0">(DE-576)20889621X</subfield>
   <subfield code="a">Deutschland</subfield>
   <subfield code="g">DDR</subfield>
   <subfield code="2">gnd</subfield>
  </datafield>
  <datafield tag="689" ind1="0" ind2="1">
   <subfield code="d">s</subfield>
   <subfield code="0">(DE-588)4002851-3</subfield>
   <subfield code="0">(DE-627)104280352</subfield>
   <subfield code="0">(DE-576)208848975</subfield>
   <subfield code="a">Architektur</subfield>
   <subfield code="2">gnd</subfield>
  </datafield>
  <datafield tag="689" ind1="0" ind2="2">
   <subfield code="a">z</subfield>
   <subfield code="2">gnd</subfield>
   <subfield code="a">Geschichte 1945-1989</subfield>
  </datafield>
  <datafield tag="689" ind1="0" ind2=" ">
   <subfield code="5">DE-101</subfield>
  </datafield>
  <datafield tag="689" ind1="1" ind2="0">
   <subfield code="d">g</subfield>
   <subfield code="0">(DE-588)4011890-3</subfield>
   <subfield code="0">(DE-627)104732415</subfield>
   <subfield code="0">(DE-576)20889621X</subfield>
   <subfield code="a">Deutschland</subfield>
   <subfield code="g">DDR</subfield>
   <subfield code="2">gnd</subfield>
  </datafield>
  <datafield tag="689" ind1="1" ind2="1">
   <subfield code="d">s</subfield>
   <subfield code="0">(DE-588)4002851-3</subfield>
   <subfield code="0">(DE-627)104280352</subfield>
   <subfield code="0">(DE-576)208848975</subfield>
   <subfield code="a">Architektur</subfield>
   <subfield code="2">gnd</subfield>
  </datafield>
  <datafield tag="689" ind1="1" ind2="2">
   <subfield code="a">z</subfield>
   <subfield code="2">gnd</subfield>
   <subfield code="a">Geschichte 1945-1989</subfield>
  </datafield>
  <datafield tag="689" ind1="1" ind2=" ">
   <subfield code="5">(DE-627)</subfield>
  </datafield>
  <datafield tag="700" ind1="1" ind2=" ">
   <subfield code="a">Mager, Tino</subfield>
   <subfield code="d">19XX-</subfield>
   <subfield code="e">HerausgeberIn</subfield>
   <subfield code="0">(DE-588)1036576728</subfield>
   <subfield code="0">(DE-627)750576499</subfield>
   <subfield code="0">(DE-576)384855709</subfield>
   <subfield code="4">edt</subfield>
  </datafield>
  <datafield tag="700" ind1="1" ind2=" ">
   <subfield code="a">Trötschel-Daniels, Bianka</subfield>
   <subfield code="e">HerausgeberIn</subfield>
   <subfield code="0">(DE-588)1130686914</subfield>
   <subfield code="0">(DE-627)884886433</subfield>
   <subfield code="0">(DE-576)486921042</subfield>
   <subfield code="4">edt</subfield>
  </datafield>
  <datafield tag="710" ind1="2" ind2=" ">
   <subfield code="a">Bauhaus-Universitätsverlag Weimar</subfield>
   <subfield code="e">Verlag</subfield>
   <subfield code="0">(DE-588)1046508989</subfield>
   <subfield code="0">(DE-627)776550950</subfield>
   <subfield code="0">(DE-576)399849777</subfield>
   <subfield code="4">pbl</subfield>
  </datafield>
  <datafield tag="787" ind1="0" ind2="8">
   <subfield code="i">Rezensiert in</subfield>
   <subfield code="a">Eheim, Annika</subfield>
   <subfield code="t">[Rezension von: Tino Mager / Bianka Trötschel-Daniels (Hg.), Rationelle Visionen. Raumproduktion in der DDR]</subfield>
   <subfield code="d">2020</subfield>
   <subfield code="w">(DE-627)1783556064</subfield>
  </datafield>
  <datafield tag="830" ind1=" " ind2="0">
   <subfield code="a">Forschungen zum baukulturellen Erbe der DDR</subfield>
   <subfield code="v">Nr. 8</subfield>
   <subfield code="9">8</subfield>
   <subfield code="w">(DE-627)740899597</subfield>
   <subfield code="w">(DE-576)380922134</subfield>
   <subfield code="w">(DE-600)2710965-3</subfield>
  </datafield>
  <datafield tag="856" ind1="4" ind2="2">
   <subfield code="u">http://www.gbv.de/dms/weimar/toc/1029837082_toc.pdf</subfield>
   <subfield code="m">V:DE-601</subfield>
   <subfield code="m">B:DE-Wim2</subfield>
   <subfield code="q">application/pdf</subfield>
   <subfield code="x">Archivierung</subfield>
   <subfield code="y">Inhaltsverzeichnis</subfield>
   <subfield code="3">Inhaltsverzeichnis</subfield>
  </datafield>
  <datafield tag="856" ind1="4" ind2="2">
   <subfield code="u">https://portal.dnb.de/opac/mvb/cover?isbn=978-3-95773-251-4&amp;size=m</subfield>
   <subfield code="m">B:DE-101</subfield>
   <subfield code="q">image</subfield>
   <subfield code="v">2019-07-12</subfield>
   <subfield code="x">Verlag</subfield>
   <subfield code="3">Cover</subfield>
  </datafield>
  <datafield tag="856" ind1="4" ind2="2">
   <subfield code="u">http://www.sehepunkte.de/2020/02/34062.html</subfield>
   <subfield code="m">V:DE-576;X:SEHEPUNKTE</subfield>
   <subfield code="q">text/html</subfield>
   <subfield code="v">20200610165104</subfield>
   <subfield code="3">Rezension</subfield>
  </datafield>
  <datafield tag="856" ind1="4" ind2="2">
   <subfield code="u">http://swbplus.bsz-bw.de/bsz1029837082rez.htm</subfield>
   <subfield code="m">V:DE-576;B:DE-16</subfield>
   <subfield code="q">application/pdf</subfield>
   <subfield code="v">20200624153032</subfield>
   <subfield code="3">Rezension</subfield>
  </datafield>
  <datafield tag="936" ind1="r" ind2="v">
   <subfield code="a">ZH 9355</subfield>
   <subfield code="b">Plätze, Freiraumplanung, öffentlicher Raum</subfield>
   <subfield code="k">Technik</subfield>
   <subfield code="k">Architektur</subfield>
   <subfield code="k">Raumplanung,Städtebau, Stadtplanung</subfield>
   <subfield code="k">Städtebau, Stadtplanung</subfield>
   <subfield code="k">Kommunale Planung und Innenentwicklung</subfield>
   <subfield code="k">Plätze, Freiraumplanung, öffentlicher Raum</subfield>
   <subfield code="0">(DE-627)1271341115</subfield>
   <subfield code="0">(DE-625)rvk/156314:</subfield>
   <subfield code="0">(DE-576)201341115</subfield>
  </datafield>
  <datafield tag="936" ind1="r" ind2="v">
   <subfield code="a">LH 67557</subfield>
   <subfield code="b">Sozialistische Architektur</subfield>
   <subfield code="k">Kunstgeschichte</subfield>
   <subfield code="k">Allgemeines. Allgemeine Kunstgeschichte</subfield>
   <subfield code="k">Kunstgeschichte einzelner Gattungen der Kunst</subfield>
   <subfield code="k">Architektur</subfield>
   <subfield code="k">Darstellungen einzelner Epochen</subfield>
   <subfield code="k">Neuzeit</subfield>
   <subfield code="k">19. und 20. Jahrhundert</subfield>
   <subfield code="k">20. Jahrhundert</subfield>
   <subfield code="k">Sozialistische Architektur</subfield>
   <subfield code="0">(DE-627)1398972533</subfield>
   <subfield code="0">(DE-625)rvk/94640:</subfield>
   <subfield code="0">(DE-576)328972533</subfield>
  </datafield>
  <datafield tag="936" ind1="b" ind2="k">
   <subfield code="a">56.62</subfield>
   <subfield code="j">Architekturtheorie</subfield>
   <subfield code="j">Architekturentwicklung</subfield>
   <subfield code="0">(DE-627)181570572</subfield>
  </datafield>
  <datafield tag="936" ind1="b" ind2="k">
   <subfield code="a">74.60</subfield>
   <subfield code="j">Raumordnung</subfield>
   <subfield code="j">Städtebau: Allgemeines</subfield>
   <subfield code="0">(DE-627)106413708</subfield>
  </datafield>
  <datafield tag="951" ind1=" " ind2=" ">
   <subfield code="a">BO</subfield>
  </datafield>
  <datafield tag="990" ind1=" " ind2=" ">
   <subfield code="a">Deutschland</subfield>
  </datafield>
  <datafield tag="990" ind1=" " ind2=" ">
   <subfield code="a">Architektur</subfield>
  </datafield>
  <datafield tag="990" ind1=" " ind2=" ">
   <subfield code="a">Geschichte 1945-1989</subfield>
  </datafield>
  <datafield tag="990" ind1=" " ind2=" ">
   <subfield code="a">Deutschland</subfield>
  </datafield>
  <datafield tag="990" ind1=" " ind2=" ">
   <subfield code="a">Architektur</subfield>
  </datafield>
  <datafield tag="990" ind1=" " ind2=" ">
   <subfield code="a">Geschichte 1945-1989</subfield>
  </datafield>
  <datafield tag="991" ind1=" " ind2=" ">
   <subfield code="a">Rezensiertes Werk</subfield>
  </datafield>
  <datafield tag="999" ind1=" " ind2=" ">
   <subfield code="a">KXP-PPN1029837082</subfield>
   <subfield code="e">4032523541</subfield>
  </datafield>
 </record>
</collection>
